Meranie rozloženia tlaku v diskovom čerpadle

Uložené v:
Podrobná bibliografia
Hlavný autor: Jančík, Viktor (Autor)
Ďalší autori: Olšiak, Róbert (Vedúci práce)
Médium: Rukopis Kniha
Jazyk:Slovak
Vydavateľské údaje: 2020
Predmet:
On-line prístup:http://is.stuba.sk/zp/portal_zp.pl?podrobnosti=150522
Tagy: Pridať tag
Žiadne tagy, Buďte prvý, kto otaguje tento záznam!

MARC

LEADER 00000ntm a22000003a 4500
001 stuzp79453
003 SK-STU
005 20200711210411.3
007 ta
008 150427s2015----xo-----f-mn---000-0-slo-d
040 |a STU  |b slo 
041 0 |a slo 
100 1 |a Jančík, Viktor  |u 020060  |k Z4  |4 aut  |U SjF Strojnícka fakulta  |T SjF Ústav energetických strojov a zariadení  |X 81413  |U J0060  |Y 805  |7 81413 
242 0 1 |a Measuring the pressure distribution in the disc pump  |y eng 
245 1 0 |a Meranie rozloženia tlaku v diskovom čerpadle 
260 |c 2020 
650 4 |a piezoelectric senzor  |2 eng 
650 4 |a pressure  |2 eng 
650 4 |a free disc  |2 eng 
650 4 |a voľný disk  |2 slo 
650 4 |a tlak  |2 slo 
650 4 |a piezoelektrický snímač  |2 slo 
700 1 |a Olšiak, Róbert  |u 020060  |k Z1  |4 ths  |U SjF Strojnícka fakulta  |T SjF Ústav energetických strojov a zariadení  |X 2339  |U J0060  |Y 805  |7 A000002339 
856 4 |u http://is.stuba.sk/zp/portal_zp.pl?podrobnosti=150522